000 nam a22 7a 4500
999 _c8892
_d8892
008 180120b ||||| |||| 00| 0 eng d
100 _aAggarwal.R.S.etal.
_95207
245 _aLab Manual Mathematics
260 _aNew Delhi
_bArya
_c2007